| 000 | 00451nam a2200169Ia 4500 | ||
|---|---|---|---|
| 003 | GCL | ||
| 008 | 140319s9999 xx 000 0 eng d | ||
| 040 |
_aGCL / _cGCL |
||
| 082 | 0 | 4 |
_a782.1 _bR W |
| 100 | 1 | _aRUSHTON, JULIAN | |
| 245 | 1 | 0 |
_aW.A. MOZART DON GIOVANNI / _cRUSHTON, JULIAN |
| 260 |
_a[S.N] : _bCAMBRIDGE UNIVERSITY PRESS ، _c1991 |
||
| 300 | _a169 P | ||
| 650 | 0 | 4 | _aDON GIOVANNI |
| 650 | 0 | 4 | _aMOZART, WOLFGANG AMADEUS |
| 942 |
_2ddc _cBK |
||
| 999 |
_c12626 _d12626 |
||